| 000 | 00853nam a22001817a 4500 | ||
|---|---|---|---|
| 003 | OSt | ||
| 005 | 20260408000216.0 | ||
| 008 | 260407b |||||||| |||| 00| 0 eng d | ||
| 040 |
_aDWCL GS lib _cOC |
||
| 082 | _aFic. V649g 1967 | ||
| 100 | _aWashington, D.C | ||
| 245 |
_agore vidal: _bthe explosive novel of american power-politics _cWashington D.C |
||
| 300 |
_a330 _c17cm |
||
| 520 | _aIn Beyond the Grave (Book 4) by Jude Watson, Amy and Dan Cahill travel to Cairo, Egypt, to find the next clue, uncovering secrets about their grandmother Grace's past and the Ekaterina branch. Pursued by ex-KGB agent Irina Spasky, they navigate traps, a secret Ekat stronghold, and threats from rivals Bae Oh and Jonah Wizard. | ||
| 546 | _aEnglish | ||
| 700 | _aWashington D.C | ||
| 942 |
_2ddc _cFIC. _hFic. V649g 1967 _n0 |
||
| 999 |
_c9329 _d9329 |
||